00389nam a2200133Ia 4500008004100000082001400041100002400055245002200079260001800101600001500119942000700134952009700141999001700238241002s9999 xx 000 0 und d a808.3 KON aKoningsberger, Hans 4aThe revolutionary aLondon:c1970 aLiterature cUC 00104070aUITUbUITUd1994-01-01l0o808.3 KONpUC424r2024-10-02 09:31:20w2024-10-02yUC c18751d18751